00333nam a2200121Ia 4500008004100000245002000041260003900061260000900100300000900109650002600118650001200144856005500156170516s9999 xx 000 0 und d aTorus palatinus bSouth African Journal of Radiology c2013 a17:4 xRadiologic Technology xRadtech uhttp://www.sajr.org.za/index.php/sajr/issue/view/1